000 00621nam a2200205Ia 4500
005 20250923144652.0
008 008 250917s9999 xx 000 0 eng d
037 _aTextual
040 _aDSWL
_beng
_cDSWL
041 _aeng
_2eng
084 _aY173(Q3):1:122,N54, J9
_qDSWL
100 _aSangave, Vilas Adinath
_9827182
245 0 _aJaina community, A social survey
_cby Vilas Adinath Sangave
260 _aBombay
_b Popular Book Depot
_c1959
300 _axviii,480p.
365 _aINR
_b25
925 _g25
942 _cTEXL
_hY173(Q3):1:122,N54, J9
999 _c1441827
_d1441827